000
00283nam a2200109Ia 4500
008
220120s9999||||xx |||||||||||||| ||und||
100
_a
Basavaraj, S.P
245
0
_a
Engineering physics
260
_a
Subhas Publications
_b
New Delhi
_c
2006
300
_b
0
650
_a
ELECTRICAL SCIENCE
999
_c
137208
_d
137208